000 00627nam a2200241Ia 4500
003 OSt
005 20220924134502.0
006 a|||||r|||| 00| 0
007 ta
008 220923b |||||||| |||| 00| 0 urd d
024 _a274165
037 _cTextual
040 _aARTS
_cARTS
_burd
041 _2urd
_aurd
082 _aO168v225,L5, M6
100 _aLaeeq Saleh
_9208520
245 0 _aAhad e Arastoo Jahan
_b Ilami wa adabi khidmat
260 _c1986
300 _a552p.
_ccm.
650 _aURDU LITERATURE
942 _hO168v225,L5, M6
_cTEXL
_2CC
999 _c437416
_d437416